000
00293nam a22001337a 4500
008
170502b xxu||||| |||| 00| 0 eng d
020
_a
9781422461396
041
_a
eng
080
_2
5 ED
_a
347
100
_a
13
101
_a
SHJ
245
_a
CIVIL LIABILITY
_c
ROSS.D.L
942
_2
udc
_c
BK
999
_c
12369
_d
12369